000 01311nam a2200337 i 4500
003 CO-BoRNBP
005 20250214154303.0
007 ta
008 250214r2023 |||||||| |||| 00| 0 eng d
020 _a9786287672093
040 _aCO-BoRNBP
_bspa
_cCO-BoRNBP
_erda
041 _aspa
_heng
084 _aC SLO14
100 1 _aSlobodkin, Louis
_d1903-1975
_eautor
_958397
245 1 4 _aLos gatos (y gaticos) del señor Petersand/
_cLouis Slobodkin; traducción, Virginia López Ballesteros
250 _aEdición especial
264 1 _aBogotá, Colombia
_bLoqueleo
_c2023
300 _a71 páginas,
_bilustraciones a color,
_c26 cm
336 _2rdacontent
_atexto
_btxt
337 _2rdamedia
_asin mediación
_bn
338 _2rdacarrier
_avolumen
_bnc
490 _aPlan Nacional de Lectura, Escritura y Oralidad
_pMinisterio de Cultura
521 _aRecomendado para un público infantil a partir de los 6 años
534 _tMr. Petersand's Cats (and Kittens)
650 1 4 _2ARMARC
_aCuentos infantiles estadounidenses
_vSiglo XX
_958398
650 1 7 _2ARMARC
_aLiteratura infantil estadounidense
_vSiglo XX
_958399
650 1 7 _2ARMARC
_aMisterio en la literatura
_9542
650 1 7 _2ARMARC
_aGatos en la literatura
_92427
700 1 _aLópez Ballesteros, Virginia
_etraductora
_958400
942 _2ddc
_cBKINF
999 _c56907
_d56907